| 000 | 00468nam a2200193Ia 4500 | ||
|---|---|---|---|
| 005 | 20240628010543.0 | ||
| 008 | 240331s9999 xx 000 0 und d | ||
| 020 | _a0415096812 | ||
| 082 |
_a128.3 _bLLO |
||
| 100 | _aLloyd, G | ||
| 245 | 4 |
_aThe man reason : _b'male' and 'female' inwestern philosophy |
|
| 250 | _a2 nd | ||
| 260 |
_aLondon _bRoutledge _c1993 |
||
| 300 | _a146 p ., | ||
| 650 | _aGender | ||
| 650 | _aFeminesum | ||
| 650 | _aphilosophy | ||
| 942 | _cL | ||
| 999 |
_c717 _d717 |
||